Score 0/37 Timer 03:00
1 Play Today
Hint Four-letter word % Correct
She had a little lambMARY
96.7%
Rabbit relativeHARE
95.7%
A female horseMARE
95.2%
What a ♥ symbolizesLOVE
93.1%
Ice cream holderCONE
93%
'The ayes ___ it'HAVE
91.5%
Morse is famous for hisCODE
89.6%
A type of ranger?LONE
88.7%
What a mall-goer doesSHOP
88.5%
Sheltered bayCOVE
88.1%
_____ and tellSHOW
86.9%
Brought forth from a motherBORN
86.7%
It comes in flurriesSNOW
86.7%
Kind of suey?CHOP
86%
Deviate or changeVARY
83.6%
Aquatic craftSHIP
83.5%
Très or muy, in EnglishVERY
83.3%
Capital of SwitzerlandBERN
83.2%
A chocolate morselCHIP
82.8%
Hint Four-letter word % Correct
Chickens' abodeCOOP
82.7%
Nasal secretionSNOT
82.5%
Make a hole inBORE
82%
Powder found in chimneysSOOT
81.8%
One's physical vesselBODY
81%
Aquatic craftBOAT
80.9%
Buffalo Bill's last nameCODY
80.3%
To possess informationKNOW
78.2%
Jim Varney's 'Hey ___'VERN
76.1%
ForetellBODE
75.4%
British trunkBOOT
74.4%
Canine commandCOME
72.3%
Overhand, halyard or reefKNOT
70.7%
Swamp-dwelling amphibianTOAD
68.9%
Related to sheepGOAT
68.2%
Free, for shortCOMP
65.5%
Provoke; stimulateGOAD
63%
Lower border of an overhanging roofEAVE
62.1%

Today's Daily Dose

Remove Ads.
Support Sporcle.
Get the best of Sporcle when you Go Orange. This ad-free experience offers more features, more stats, and more fun while also helping to support Sporcle. Thank you for becoming a member.

You're not logged in!

Compare scores with friends on all Sporcle quizzes.
OR
Log In

Show Comments

Extras

Top Quizzes Today


Score Distribution

Your Account Isn't Verified!

In order to create a playlist on Sporcle, you need to verify the email address you used during registration. Go to your Sporcle Settings to finish the process.

Report this User

Report this user for behavior that violates our Community Guidelines.

Details: